Medallo - Blessd, Justin Quiles, Lenny Tavárez - Estadísticas

Estadísticas generales
  • Esta prueba ha sido intentada 133 veces
  • La puntuación promedio es 279 de 433
Estadísticas de respuestas
Letra % Correcto
me
95%
Y
95%
y
95%
a
89%
A
89%
pa'
89%
Pa'
89%
el
84%
en
84%
En
84%
Ma
84%
ma'
84%
Medallo
84%
84%
mi
84%
84%
84%
yo
84%
Yo
84%
la
79%
La
79%
la'
79%
le
79%
Mami
79%
mami
79%
no
79%
No
79%
solo
79%
chimba
74%
escribe
74%
lugar
74%
nunca
74%
olvides
74%
paso
74%
ponte
74%
Ponte
74%
PR
74%
Que
74%
que
74%
qué
74%
recogerte
74%
si
74%
Si
74%
te
74%
vive
74%
vive'
74%
al
68%
buscar
68%
del
68%
mirador
68%
nos
68%
rico
68%
vives
68%
fumamo'
63%
lo
63%
va
63%
algo
58%
de
58%
De
58%
nota
58%
recojo
58%
subiendo
58%
cuatro
53%
darte
53%
Dior
53%
elevador
53%
J
53%
se
53%
53%
sin
53%
allá
47%
Aventador
47%
ella
47%
pantalón
47%
un
47%
baby
42%
boricua
42%
dice
42%
GWag
42%
on
42%
quite'
42%
vida
42%
bonita
37%
como
37%
Como
37%
Cuando
37%
culito
37%
desde
37%
Desde
37%
encharca
37%
Estás
37%
Justin
37%
olvida
37%
Quiles
37%
Tierra
37%
Acho
32%
Ay
32%
bendiga
32%
Blessd
32%
culo
32%
Dios
32%
ere'
32%
haya
32%
lejo'
32%
Lenny
32%
Mientra'
32%
puede
32%
Tavárez
32%
ver
32%
voy
32%
amiga'
26%
caigo
26%
cuartel
26%
Dímelo
26%
donde
26%
drums
26%
escondida
26%
Ese
26%
ese
26%
esposas
26%
estamo'
26%
llama
26%
llevarte
26%
Ovy
26%
pa'l
26%
perla
26%
perreo
26%
puestos
26%
son
26%
the
26%
to'
26%
tus
26%
Tus
26%
veo
26%
Yeah
26%
barrio
21%
cabecilla
21%
cartel
21%
chimbita
21%
creo
21%
dejamo'
21%
diga
21%
estamos
21%
fuéramo'
21%
importa
21%
leo
21%
necesario
21%
puse
21%
sea
21%
siempre
21%
tan
21%
vente
21%
acapel'
16%
Capeamo'
16%
dale
16%
entraste
16%
final
16%
fotos
16%
gente
16%
gusté
16%
igual
16%
Instagram
16%
pero
16%
phillie'
16%
vivo
16%
vuelve'
16%
aquí
11%
ooh
11%
No se encontraron pruebas coincidentes
Distribución de puntuación
Porcentaje de gente con cada puntuación
Porcentaje por número respondido
Historial de tus puntuaciones
No has intentado esta prueba.